Komunikačné techniky

Saved in:
Bibliographic Details
Main Author: Seemann, Peter
Format: Book
Language:Slovak
Published: Žilina Žilinská univerzita v Žiline/EDIS-vydavateľské centrum ŽU 2021
Edition:2. rozšírené vydanie
Subjects:
Tags: Add Tag
No Tags, Be the first to tag this record!

MARC

LEADER 00000nam a2200000 4500
001 0291109
005 20240416114203.5
020 |a 978-80-554-1793-6 
041 0 |a slo 
044 |a SK 
245 1 0 |a Komunikačné techniky  |c Peter Seemann 
250 |a 2. rozšírené vydanie 
264 1 |a Žilina  |b Žilinská univerzita v Žiline/EDIS-vydavateľské centrum ŽU  |c 2021 
300 |a 258 s. 
610 2 0 |a komunikácia 
610 2 0 |a komunikácia manažérska 
610 2 0 |a koučovanie 
610 2 0 |a komunikácia verbálna 
610 2 0 |a komunikácia neverbálna 
610 2 0 |a rozhovor 
610 2 0 |a vyjednávanie 
610 2 0 |a rokovania obchodné 
610 2 0 |a prezentácia 
610 2 0 |a komunikácia multikultúrna 
100 1 |a Seemann, Peter